[Event "Grand Prix FFE Nancy 2012"]
[Site "Nancy"]
[Date "2012.04.29"]
[Round "12.3"]
[White "Fressinet, Laurent"]
[Black "Vachier-Lagrave, Maxime"]
[Result "0-1"]
[WhiteElo "2750"]
[BlackElo "2840"]
[PlyCount "116"]
[EventDate "2012.04.28"]
[EventType "rapid"]
[EventRounds "9"]
[EventCountry "FRA"]

1. d4 Nf6 2. c4 g6 3. Nc3 d5 4. Bg5 Bg7 5. Bxf6 Bxf6 6. cxd5 c6 7. e3 cxd5 8.
Bb5+ Kf8 9. Nf3 Kg7 10. O-O Bg4 11. h3 Bxf3 12. Qxf3 e6 13. Rac1 a6 14. Ba4 b5
15. Bb3 Nd7 16. Rfd1 Rc8 17. Ne2 Qb6 18. Nf4 Be7 19. Nd3 Bd6 20. Qe2 Qb8 21.
Qd2 Rxc1 22. Rxc1 Rc8 23. Kf1 Rc7 24. Qa5 Rxc1+ 25. Nxc1 Qb6 26. Qxb6 Nxb6 27.
Nd3 Kf6 28. Ke2 Ke7 29. Bd1 Nc4 30. a4 bxa4 31. Bxa4 a5 32. Bb5 Nb6 33. Kd2 f6
34. f4 h6 35. Ke2 Na8 36. g4 Nc7 37. Ba4 Na6 38. Bb5 Nb4 39. Nc1 g5 40. fxg5
hxg5 41. Nb3 Bc7 42. Nd2 Kd6 43. Nb1 e5 44. Nc3 Bb6 45. dxe5+ Kxe5 46. Ba4 d4
47. exd4+ Bxd4 48. Bb3 Na6 49. Bc4 Nc5 50. Bb5 Ne6 51. Nd1 Nf4+ 52. Kf3 Nxh3
53. b3 Ng1+ 54. Kg2 Kf4 55. Bd7 Nf3 56. Kf1 Ne5 57. Be6 Nxg4 58. Ke2 Ne5 0-1

[Event "Grand Prix FFE Nancy 2012"]
[Site "Nancy"]
[Date "2012.04.29"]
[Round "12.4"]
[White "Vachier-Lagrave, Maxime"]
[Black "Fressinet, Laurent"]
[Result "1-0"]
[WhiteElo "2840"]
[BlackElo "2750"]
[PlyCount "41"]
[EventDate "2012.04.28"]
[EventType "rapid"]
[EventRounds "9"]
[EventCountry "FRA"]

1. e4 g6 2. d4 Bg7 3. Nf3 d6 4. Bc4 Nf6 5. Qe2 O-O 6. h3 Nc6 7. O-O d5 8. exd5
Nxd5 9. c3 Re8 10. Rd1 Bf5 11. Na3 Qd7 12. Nc2 Nb6 13. Bb3 Na5 14. Ne3 Nxb3 15.
axb3 a6 16. Ra5 Rad8 17. Nxf5 gxf5 18. Re1 Nd5 19. Ne5 Qd6 20. Qf3 Qf6 21. Rxd5
1-0